Datum a čas kvízu

15 Celkem bodů Celkový počet nahraných bodů na tomto kvízu bez doplňovacích otázek.
8. Pořadí na kvízu Konečné umístění týmu na tomto kvízu.

Zaznamenané odpovědi

# Otázka Odpověď Body Výsledky
1. Poslední květnový den vyvrchol... bábovka (#babovkovyden) 0
2. V nejmenované zemi se odehrála... v Indonésii 0
3. Ve kterém městě začal minulý t... ve Zlíně 1
4. Minulý týden oznámili organizá... v Ženevě 1
5. V pondělí se v anglickém Brock... sýr 0
6. Kterým výrazem na písmeno M se... mixologie 0
7. Ernest Hemingway měl údajně v... Daiquiri 0
8. Oblíbenou složkou míchaných ná... z pomerančů 1
9. Ve filmu Někdo to rád horké se... Manhattan 0
10. V poslední otázce se podíváme... vaječný likér; griotku 1